| 000 | 01181nam a2200421 a 4500 | ||
|---|---|---|---|
| 001 | 22320 | ||
| 003 | CZ PrNK | ||
| 005 | 20260326133825.0 | ||
| 007 | ta | ||
| 008 | 110119s2010 xr a a 000 1 slo | ||
| 015 | _acnb002161853 | ||
| 020 |
_a9788025216675 _q(váz.) |
||
| 035 | _a(OCoLC)713794306 | ||
| 040 |
_aOLA001 _bcze |
||
| 041 | 1 |
_aslo _heng |
|
| 072 | 7 |
_a821-93 _xLiteratura pro děti a mládež (beletrie) _2Konspekt |
|
| 080 |
_a821-34 _2MRF |
||
| 080 |
_a821-93 _2MRF |
||
| 080 |
_a(0:82-34) _2MRF |
||
| 080 |
_a(0.025.2) _2MRF |
||
| 245 | 0 | 0 | _aŠípková Ruženka |
| 250 | _a1. vyd. | ||
| 260 |
_aV Prahe : _bEgmont, _c2010 |
||
| 300 |
_a[10] s. : _bvše barev. il. ; _c22 cm |
||
| 490 | 1 | _aDisney. Princezná | |
| 500 | _aPřeloženo z angličtiny? | ||
| 500 | _aKartonové listy | ||
| 655 | 7 |
_apohádky _2czenas |
|
| 655 | 7 |
_apublikace pro děti _2czenas |
|
| 655 | 7 |
_aleporela _2czenas |
|
| 655 | 9 |
_afairy tales _2eczenas |
|
| 655 | 9 |
_achildren's literature _2eczenas |
|
| 655 | 9 |
_afolding picture-books _2eczenas |
|
| 830 | 0 |
_aDisney. _pPrincezná |
|
| 901 |
_b9788025216675 _f1. vyd. _o20110222 |
||
| 910 | _aABA001 | ||
| 942 |
_2ddc _cKLDE _n0 |
||
| 999 |
_c22320 _d22320 |
||